000 00414nam a2200169Ia 4500
001 16438
003 IN-NITTTR
005 20251114233155.0
008 251113s9999||||xx |||||||||||||| ||eng||
040 _beng
040 _cIN-NITTTR
041 _aeng
082 _a621.38195 A17H
100 _aAdams, Charles K.
245 0 _aHow to build your own working microcomputer /
_cAdams, Charles K.
942 _2ddc
_cBK
999 _c19072
_d19072